00430cam a22001577 4500001001300000003000400013005001700017008004100034010001700075040001800092050001700110100004700127245004300174260004500217300001000262ltf90038239 DLC20260227111551.0910102s1894 sw 000 0 swe  altf90038239  aDLCcDLCdDLC00a4DL Swed 2981 aKuylenstierna, Oswald Fredrik,d1865-1932.10aGustaf II Adolf och hans svenska folk. aGöteborg,bWettergren & Kerberc[1894] a97 p.